|
|
|
|
| LEADER |
01237cam a22003251a 4500 |
| 001 |
000036228 |
| 003 |
12523 |
| 005 |
20160330000000.0 |
| 008 |
160329s2012 vm 000 vie |
| 020 |
|
|
|a 978-604-70-0003-6
|
| 041 |
|
|
|a vie
|
| 082 |
|
|
|a 398.2
|b NG-T
|
| 245 |
|
|
|a Lễ Cấp Sắc Môn Phái Then Nữ Phía Tây Của Dân Tọc Tày Tỉnh Cao Bằng
|
| 260 |
|
|
|a Lao Động
|c 2012
|
| 300 |
|
|
|a 578tr. : mh :20cm
|
| 650 |
|
|
|a Lễ Cấp Sắc Môn Phái Then Nữ Phía Tây Của Dân Tộc Tày Tỉnh Cao Bằng,Nguyễn Thiên Tứ,2012
|
| 852 |
|
|
|b Chuyên đề
|c Ngôn ngữ tiếng Việt 2
|
| OWN |
|
|
|a LNN
|
| AVA |
|
|
|a UDN50
|b LNN
|d 398.2 NG-T
|e available
|t Error 5001 Not defined in file expand_doc_bib_avail.
|f 1
|g 0
|h N
|i 0
|k 1
|
| 999 |
|
|
|a From the UDN01
|
| AVA |
|
|
|a UDN50
|b LNN
|d 398.2 NG-T
|e available
|t Error 5001 Not defined in file expand_doc_bib_avail.
|f 1
|g 0
|h N
|i 0
|k 1
|
| TYP |
|
|
|a Monograph
|
| TYP |
|
|
|a Printed language
|
| 980 |
|
|
|a Mạng thư viện Đại học Đà Nẵng
|